000 00671nam a22002177a 4500
003 UA-OsUOA
001 64329
007 ta
008 20091103b un ||||| |||| 00| 0 ukr d
090 _a016
_bБ67
942 _cBK
040 _aUA-OsUOA
_bukr
_cUA-OsUOA
_dUA-OsUOA
245 _aБібліографічний покажчик наукових праць співробітників історичного факультету ЗДУ
300 _a76 с.
955 _a4
041 _aukr
080 _a016
260 _aЗапоріжжя
_c1997
650 7 _a01 Бібліографія і бібліографії. Каталоги
_2UDC
999 _c350793
_d350793